000 00285nam a22001337a 4500
008 180917b xxu||||| |||| 00| 0 eng d
020 _a9780495091080
041 _aeng
080 _a316
100 _a51
101 _aSOC
245 _aSexuality Now
_cCarro lJ.L
942 _2udc
_cBK
999 _c47846
_d47846